| 000 | 00000nam 2200000za 4500 |
| 001 | 9.836297 |
| 003 | CaOODSP |
| 005 | 20240612102745 |
| 007 | cr ||||||||||| |
| 008 | 170505s2006 onc #o f000 0 fre d |
| 040 | |aCaOODSP|bfre |
| 043 | |an-cn--- |
| 086 | 1 |aPS38-68/2006F-PDF |
| 245 | 00|aRégime de sanctions administratives pécuniaires (RSAP) |h[ressource électronique] : |bcomment vérifier votre niveau d'observation. |
| 246 | 10|aComment vérifier votre niveau d'observation |
| 260 | |a[Ottawa] : |bAgence des services frontaliers du Canada, |c[2006?]. |
| 300 | |a[7] p. |
| 500 | |a« Archivé. » |
| 500 | |aTitre pris sur la couv. |
| 500 | |aPublié aussi en anglais sous le titre: The Administrative Monetary Penalty System (AMPS) : tips to help you verify your compliance. |
| 520 | |a« Le Régime de sanctions administratives pécuniaires (RSAP) est en vigueur depuis 2002. Le RSAP vise à promouvoir l’observation volontaire à la législation de l’Agence des services frontaliers du Canada (ASFC) en imposant des pénalités en cas d’infraction. Ces pénalités sont proportionnelles au type, à la gravité et à la fréquence de l’infraction. En associant un coût à l’inobservation, le RSAP établit des règles du jeu équitables pour les entreprises canadiennes. » -- Qu'est-ce que c'est le RSAP? |
| 692 | 07|2gccst|aFrontière |
| 692 | 07|2gccst|aPolitique monétaire |
| 692 | 07|2gccst|aCrime économique |
| 710 | 2 |aAgence des services frontaliers du Canada. |
| 775 | 08|tThe Administrative Monetary Penalty System (AMPS) |w(CaOODSP)9.836295 |
| 856 | 40|qPDF|s557 Ko|uhttps://publications.gc.ca/collections/collection_2017/asfc-cbsa/PS38-68-2006-fra.pdf |
| 986 | |aBSF5013(F) Rév. 06 |